LEADER 03847nam 2200409 450 001 9910480158303321 005 20210111175545.0 010 $a92-64-27797-8 035 $a(CKB)3710000001444032 035 $a(WaSeSS)IndRDA00109743 035 $a(MiAaPQ)EBC6410548 035 $a(Au-PeEL)EBL6410548 035 $a(OCoLC)1225550735 035 $a(EXLCZ)993710000001444032 100 $a20190122d2017 uy 0 101 0 $aspa 135 $aur||||||||||| 181 $ctxt$2rdacontent 182 $cc$2rdamedia 183 $acr$2rdacarrier 200 13$aLa educacio?n a distancia en la educacio?n superior en Ame?rica Latina /$fOECD 210 1$aParis :$cOCDE,$d2017. 215 $a1 online resource (146 pages) 225 0 $aEstudios del Centro de Desarrollo,$x2308-863X 327 $aIntro -- La educacio?n a distanciaen la educacio?n superior en Ame?rica Latina -- Proemio a la edicio?n en espan?ol -- Presentacio?n a la edicio?n en espan?ol -- Referencias -- Pro?logo -- Agradecimientos -- Prefacio -- Resumen ejecutivo -- La educacio?n superior en la regio?n ha experimentado un avance importante pero todavi?a se enfrenta a muchos retos -- La educacio?n a distancia puede repercutir sobre la educacio?n superior en Ame?rica Latina y los resultados de una encuestay una serie de entrevistas muestran que la regio?n se esta? quedando rezagada y que las poli?ticas pueden ayudara aprovechar el feno?meno -- Referencia -- Capi?tulo 1 La educacio?n superior en Ame?rica Latina: retos y oportunidades -- Una visio?n panora?mica de las tendencias y retos recientes de la educacio?n superior en Ame?rica Latina -- La educacio?n a distancia y los recientes avances en la ensen?anza y el aprendizaje en la educacio?n superior -- Notas -- Referencias -- Capi?tulo 2 La educacio?n a distancia en la educacio?n superior en Ame?rica Latina -- Educacio?n a distancia: evolucio?n reciente y tendencias. ¿Hacia un nuevo paradigma de la ensen?anza y el aprendizaje en la educacio?n superior? -- Patrones de cambio en la educacio?n superior en Ame?rica Latina: retos y oportunidades -- Notas -- Referencias -- Capi?tulo 3 Una encuesta en universidades latinoamericanas y entrevistas a expertos en educacio?n a distancia -- Fuentes de informacio?n y datos -- Resultados de la encuesta -- Conclusiones del ana?lisis de las entrevistas -- Notas -- Referencias -- Ape?ndice 3.A1 Universidades participantes y expertos entrevistados -- Lista de universidades participantes en la encuesta, ordenadaspor pai?s de origen -- Expertos entrevistados -- Ape?ndice A Ana?lisis por pai?ses de la evolucio?n y el estado de la educacio?n a distancia y virtual -- Argentina -- Bolivia -- Brasil -- Chile -- Colombia -- Costa Rica -- Ecuador. 327 $aGuatemala -- Honduras -- Me?xico -- Panama? -- Peru? -- Repu?blica Dominicana -- Uruguay -- Venezuela -- Notas -- Referencias -- Pa?gina en blanco. 330 $a- Proemio a la edicio?n en espan?ol - Presentacio?n a la edicio?n en espan?ol - Pro?logo - Agradecimientos - Prefacio - Resumen ejecutivo - Capi?tulo 1. La educacio?n superior en Ame?rica Latina: retos y oportunidades - Capi?tulo 2. La educacio?n a distancia en la educacio?n superior en Ame?rica Latina - Capi?tulo 3. Una encuesta en universidades latinoamericanas y entrevistas a expertos en educacio?n a distancia - Ana?lisis por pai?ses de la evolucio?n y el estado de la educacio?n a distancia y virtual. 606 $aDistance education$zLatin America 608 $aElectronic books. 615 0$aDistance education 676 $a371.3078 801 0$bWaSeSS 801 1$bWaSeSS 906 $aBOOK 912 $a9910480158303321 996 $aLa educacio?n a distancia en la educacio?n superior en Ame?rica Latina$91901091 997 $aUNINA LEADER 01666nam a2200301 i 4500 001 991000967609707536 005 20040322123849.0 008 010919s1511 fr ||| | lat 035 $ab12697527-39ule_inst 035 $aAUNI000619$9ExL 040 $aBiblioteca Interfacoltà$bita 100 1 $aGregorius$c$0330455 245 10$aDialogus beati Gregorij Pape :$beiusque diaconi Petri in quattuor libros diuisus :$bDe vita et miraculis patrum italicorum :$bet de eternitate animarum :$bcum tabulis nuncnunc a nouo superadditis 260 $aParisius :$bexpensis Iohannis Petit ... : impressusvero opera Iohannis Barbier ...,$c1511, pridie Kalendas Augusti 269 $aParigi :$bBarbier, Jean :$bPetit, Jean,$c1511 300 $a[1], XCIIII, [9] c. ;$c8? (14 cm) 500 $aSegnatura: a-n8 500 $aCapilettera, car. got. 510 $aSBN-ICCU 000357 907 $a.b12697527$b02-04-14$c23-03-04 912 $a991000967609707536 945 $aLE002 s.c.$cLegato con: Beatissimi Gregorij pape totius ecclesie luminis preclarissimi: Septem psalmos penitentiales explanatio .... - Legato con: Expositio beati Gregorii pape super Cantica canticorum .... - Legato con: Liber cure pastoralis diui Gregorii papae$g1$iLE002A-24166/4$lle002$o-$pE0.00$q-$rn$so $t0$u0$v0$w0$x0$y.i13213210$z23-03-04 962 $a000:001:JPEG:b1269752:000266:0:0:0:0:0:0$tFrontespizio (c. a1r)$vy 962 $a000:001:JPEG:b1269752:000267:0:0:0:0:0:0$tc. a2r$vy 962 $a000:001:JPEG:b1269752:000268:0:0:0:0:0:0$tc. m7v$vy 996 $aDialogus beati Gregorij Pape$91381530 997 $aUNISALENTO 998 $ale002$b23-03-04$cm$da $eo$flat$gfr $h0$i1